000 00466nam a22001697a 4500
005 20241221115530.0
008 241221b ||||| |||| 00| 0 eng d
040 _cAL
041 _aEnglish
082 _223
_a348.04
_bEASS
100 _aEastern Book Company
_9191811
245 _aSupreme Court Cases 2007: Vol 4
260 _aLucknow
_bEastern Book Comapny
_c2008
650 _aLaw
_9191806
650 _a Mode of Citation(2007) 4 SCC
_9191807
942 _2ddc
_cBI
999 _c233341
_d233341